000
00182 a2200097 4500
001
5115
100
_a
Stone,R
245
_a
Heat & Light
260
_a
_b
EUP
_c
090
_c
4255
_d
4255
942
_a
NUST-CAE
_c
M
_c
30551
999
_c
240188
_d
240188